Datum a čas kvízu
36
Celkem bodů
Celkový počet nahraných bodů na tomto kvízu bez doplňovacích otázek.
2.
Pořadí na kvízu
Konečné umístění týmu na tomto kvízu.
Zaznamenané odpovědi
| # | Otázka | Odpověď | Body | Výsledky |
|---|---|---|---|---|
| 1. | Nejsledovanějším, nejprestižně... | Jedlovou | 1 | |
| 2. | V Severní Koreji zavedli nový... | ruský jazyk | 0 | |
| 3. | Minulý týden proběhlo vyhlášen... | Jan Špaček | 1 | |
| 4. | Která automobilka představila... | Škoda Auto | 0 | |
| 5. | V sobotu začala nová biatlonov... | v Östersundu | 1 | |
| 6. | Seřaďte tyto ostrovy dle rozlo... | 1D 2B 3A 4C | 1 | |
| 7. | Nyní přiřaďte ostrovy ke států... | 1A 2C 3B 4D | 1 | |
| 8. | Kterému ostrovnímu středomořsk... | Malta | 1 | |
| 9. | Nyní si odskočíme ke kinematog... | Řek Zorba, Anthony Quinn | 0 | |
| 10. | Ke kterému středomořskému ostr... | Elba | 1 |